Approved Code No. 556 : Code of Fair Competition for the Wholesale and Retail Automobile Sales, Supply, Repair, Maintenance, and Service Industry in the Territory of Hawaii, as Approved on Mar. 26, 1935.

Bibliographic Details
Corporate Author: United States. National Recovery Administration
Format: Government Document eBook
Language:English
Published: [Washington] : [s.n.], 1935.
Subjects:
Online Access:Electronic resource (PDF)

MARC

Tag First Indicator Second Indicator Subfields
LEADER 00000cam a22000001i 4500
001 in00003934521
006 m d f
007 cr bn mmmapmmp
008 351025s1935 dcu o f000 0 eng d
005 20250210231054.9
035 |a ebd1933024089 
040 |a UMI  |c UMI  |e rda  |d UtOrBLW 
086 0 |a Y 3.N 21/8:7ap.556 
099 |a Y3.N21_8..7ap.556 
110 1 |a United States.  |b National Recovery Administration.  |0 http://id.loc.gov/authorities/names/n50064788 
245 1 0 |a Approved Code No. 556 :  |b Code of Fair Competition for the Wholesale and Retail Automobile Sales, Supply, Repair, Maintenance, and Service Industry in the Territory of Hawaii, as Approved on Mar. 26, 1935. 
264 1 |a [Washington] :  |b [s.n.],  |c 1935. 
300 |a 1 online resource (21 pages), digital, PDF file 
336 |a text  |b txt  |2 rdacontent 
337 |a computer  |b c  |2 rdamedia 
338 |a online resource  |b cr  |2 rdacarrier 
533 |a Electronic reproduction.  |b [Bethesda, Md.] :  |c ProQuest,  |d 2016  |e digital, PDF file.  |n ProQuest U.S. Executive Branch Documents  |n Mode of access: World Wide Web via ProQuest website. 
588 |a Record is based on online resource; title from PDF title page (ProQuest, last viewed July 2016). Reuse except for individual research requires license from ProQuest, LLC. 
650 0 |a Administrative law.  |0 http://id.loc.gov/authorities/subjects/sh85000913 
650 0 |a Public administration.  |0 http://id.loc.gov/authorities/subjects/sh85108611 
650 0 |a Wholesale trade.  |0 http://id.loc.gov/authorities/subjects/sh85146575 
650 0 |a Retail trade.  |0 http://id.loc.gov/authorities/subjects/sh85113295 
856 4 0 |u http://proxy.library.tamu.edu/login?url=http://congressional.proquest.com/congressional/docview/t66.d71.y3.n21_8..7ap.556?  |y Electronic resource (PDF)  |t 0 
999 f f |s 8c852911-e4f6-33c6-8316-c57fbf472f18  |i 7af5d45f-a026-39d6-97dd-8082a419bba4  |t 0 
952 f f |a Texas A&M University  |b College Station  |c Electronic Resources  |d Available Online  |t 0  |h No information provided 
998 f f |t 0  |l Available Online